00688nam a22001937a 4500999001900000005001700019010001500036020002600051035001400077037001300091082001600104100001600120245006900136260004000205270004800245300002000293942003000313952015100343 c172823d17282320200213125251.0 aENG-127728 c180.00a9789388927475 aEN-111260 bDBAD/PUB a305.2350954 aDave,Vishal aChetan Bhagat's Views in What young India wants/cby Dave,Vishal aAhmedabadc2019bVedant Publication aRajkot, Ahmedabad, Surate360001bAhmedabad a95p.b21cm(pbk) 2ddccENh305.2350954mDAV 001040708NFICaLbLd2020-02-13eDBAD/PUBg180.00l2m1o305.2350954 DAVpEN-111260r2022-12-14 00:00:00s2022-10-01t1v180.00w2020-02-13yEN